Russian Presidents of The USA Quiz Stats

 Plays Quiz Updated Apr 30, 2019

Score 0/44 Timer 10:00
0 Plays Today
Last Name in Russian Last Name in English % Correct
ОбамаObama
90.6%
ТафтTaft
80.9%
БушBush
76.4%
БушBush
76.2%
АдамсAdams
72.2%
АдамсAdams
72.1%
Ван БюренVan Buren
71.9%
ТрампTrump
69.7%
КеннедиKennedy
69%
ФордFord
63.7%
ДжефферсонJefferson
62.7%
КартерCarter
62.3%
МонроMonroe
62.1%
ПолкPolk
60.9%
КлинтонClinton
60.8%
МэдисонMadison
59.5%
PузвельтRoosevelt
59.2%
PузвельтRoosevelt
59.2%
ВашингтонWashington
59.1%
ДжонсонJohnson
58.9%
ДжонсонJohnson
58.9%
ДжексонJackson
58.2%
Last Name in Russian Last Name in English % Correct
ТрумэнTruman
57.3%
ГаррисонHarrison
54.2%
ГаррисонHarrison
54.1%
ТейлорTaylor
53.5%
ГрантGrant
53.4%
НиксонNixon
53%
PейганReagan
52.8%
ЭйзенхауэрEisenhower
52.1%
АртурArthur
51.7%
ТайлерTyler
50.7%
ФиллморFillmore
48.7%
МаккинлиMcKinley
48.2%
БьюкененBuchanan
47.4%
ВильсонWilson
46.3%
ЛинкольнLincoln
46%
ГарфилдGarfield
45.1%
КливлендCleveland
44.4%
КулиджCoolidge
43.7%
ПирсPierce
43.2%
ГардингHarding
41.2%
ГуверHoover
41.1%
ХейзHayes
31.7%

You're not logged in!

Compare scores with friends on all Sporcle quizzes.
OR
Log In

Show Comments

Extras

Top Quizzes Today


Score Distribution

Your Account Isn't Verified!

In order to create a playlist on Sporcle, you need to verify the email address you used during registration. Go to your Sporcle Settings to finish the process.

Report this User

Report this user for behavior that violates our Community Guidelines.

Details: